Normal view MARC view
  • E.H.H. Gibbins

Entry Personal Name

Number of records used in: 1

001 - CONTROL NUMBER

  • control field: 100238

003 - CONTROL NUMBER IDENTIFIER

  • control field: NUST

005 - DATE AND TIME OF LATEST TRANSACTION

  • control field: 20221013190243.0

008 - FIXED-LENGTH DATA ELEMENTS

  • fixed length control field: 221013|| aca||aabn | a|a d

040 ## - CATALOGING SOURCE

  • Original cataloging agency: NUST
  • Transcribing agency: NUST

100 ## - HEADING--PERSONAL NAME

  • Personal name: E.H.H. Gibbins

670 ## - SOURCE DATA FOUND

  • Source citation: Work cat.: (NUST)183100: E.H.H. Gibbins, An Introduction to Electrical Drawing , 1944
© 2023 Central Library, National University of Sciences and Technology. All Rights Reserved.